| 000 | 00593nam a2200181 4500 | ||
|---|---|---|---|
| 001 | 107242 | ||
| 003 | ES-MaACL | ||
| 007 | t| | ||
| 008 | 061121s1903 gw r ||||1| spa d | ||
| 100 | 1 |
_aMorla Vicuña, Carlos. _983593 |
|
| 245 | 1 | 0 |
_aEstudio histórico sobre el descubrimiento y conquista de la Patagonia y de la Tierra del Fuego / _cCarlos Morla Vicuña. |
| 260 |
_aLeipzig : _bF.A Brockhaus, _c1903. |
||
| 300 |
_aV, 223 p. : _bil ; _c28. |
||
| 651 | 7 |
_9159170 _aPatagonia- _xDescubrimientos y exploraciones |
|
| 852 |
_aES-MaACL _jG-6631 |
||
| 942 | _2udc | ||
| 999 |
_c107242 _d107242 |
||